[Event "20. Obert Int. Sant Marti 2018"]
[Site "Barcelona ESP"]
[Date "2018.07.20"]
[Round "8.8"]
[White "Miciano, John Marvin"]
[Black "Mitrabha, Guha"]
[Result "0-1"]
[WhiteElo "2411"]
[BlackElo "2299"]
[PlyCount "190"]
[EventDate "2018.07.13"]
[EventType "swiss"]
[EventRounds "9"]
[EventCountry "ESP"]
[SourceTitle "Ajedrez en Madrid"]
[Source "lmi"]
[SourceDate "2018.07.13"]
[SourceVersion "1"]
[SourceVersionDate "2019.06.21"]
[SourceQuality "1"]

1. e4 c6 2. d4 d5 3. exd5 cxd5 4. Bd3 Nc6 5. c3 Qc7 6. h3 Nf6 7. Nf3 g6 8. O-O
Bg7 9. Re1 O-O 10. Nbd2 Bf5 11. Nf1 a6 12. a4 Bxd3 13. Qxd3 Ne4 14. Ng5 Nxg5
15. Bxg5 Rfe8 16. Qf3 Qd7 17. Ne3 Rad8 18. Bh4 Na5 19. Nc2 Nc4 20. Ra2 a5 21.
Ne3 Nxe3 22. Rxe3 Rc8 23. Bg3 Rc4 24. Qd1 b5 25. axb5 Qxb5 26. b3 Rc6 27. Qa1
Qxb3 28. Rxa5 Bf6 29. Qa3 Qxa3 30. Rxa3 Rec8 31. Kf1 Rb6 32. Ke2 e6 33. Kd3 Bg5
34. Re2 Bc1 35. Ra5 Rbc6 36. Rc2 Bh6 37. Rb5 Bg7 38. Rb8 Rxb8 39. Bxb8 Rb6 40.
Bf4 h6 41. Be3 Rb3 42. Ke2 g5 43. c4 dxc4 44. Rxc4 f5 45. g3 Rb7 46. Ra4 Kf7
47. Ra5 Rd7 48. Ra4 Ke7 49. Kf3 Rb7 50. Ke2 Kd7 51. Ra5 Kd6 52. Ra6+ Ke7 53.
Ra5 Rd7 54. Ra4 Bf6 55. Rb4 Kf7 56. Ra4 Bd8 57. Ra6 Bc7 58. Kf3 Bd6 59. Rb6 Ke7
60. Ra6 Rb7 61. Ke2 Kd7 62. Ra8 Rb2+ 63. Kf3 Rb3 64. Ra7+ Kc6 65. Rh7 f4 66.
gxf4 gxf4 67. Rxh6 Kd7 68. Rh7+ Ke8 69. Ke4 fxe3 70. fxe3 Rb5 71. h4 Be7 72.
Kf4 Rf5+ 73. Kg4 Kd7 74. e4 Rf1 75. d5 e5 76. h5 Rf4+ 77. Kg3 Rxe4 78. h6 Rf4
79. Rg7 Rf6 80. h7 Rh6 81. Kf3 Rh4 82. Kg3 Rh1 83. Kg4 Kd6 84. Kf5 Rh4 85. Kg6
e4 86. Rg8 Bf6 87. Kxf6 Rxh7 88. Rd8+ Rd7 89. Ra8 Kxd5 90. Ra1 Rh7 91. Rd1+ Kc4
92. Ke5 e3 93. Ke4 Re7+ 94. Kf3 e2 95. Re1 Kd3 0-1

[Event "20. Obert Int. Sant Marti 2018"]
[Site "Barcelona ESP"]
[Date "2018.07.20"]
[Round "8.9"]
[White "Grafl, Florian"]
[Black "Ruiz Castillo, Joshua Daniel"]
[Result "0-1"]
[WhiteElo "2364"]
[BlackElo "2410"]
[PlyCount "76"]
[EventDate "2018.07.13"]
[EventType "swiss"]
[EventRounds "9"]
[EventCountry "ESP"]
[SourceTitle "Ajedrez en Madrid"]
[Source "lmi"]
[SourceDate "2018.07.13"]
[SourceVersion "1"]
[SourceVersionDate "2019.06.21"]
[SourceQuality "1"]

1. d4 Nf6 2. Nc3 e6 3. e4 d5 4. exd5 exd5 5. Bg5 Be7 6. Bd3 O-O 7. Nge2 c6 8.
O-O Bg4 9. f3 Bh5 10. Ng3 Bg6 11. f4 Bxd3 12. Qxd3 Re8 13. Nf5 Bf8 14. Qg3 Kh8
15. Qh4 Nbd7 16. Rf3 Qb6 17. Rh3 Qxb2 18. Rf1 Qxc2 19. g4 Re6 20. Nd1 h6 21.
Nde3 Rxe3 22. Nxe3 Qd2 23. Nf5 Ng8 24. Qe1 Qxa2 25. Rf2 Qc4 26. Re2 Bb4 27. Qd1
a5 28. Rc2 Qa6 29. Nxh6 gxh6 30. Bxh6 Nxh6 31. g5 Re8 32. Kg2 Re1 33. Qf3 Bf8
34. Rf2 Qb5 35. Qg4 Qb1 36. Rxh6+ Bxh6 37. Qxd7 Rg1+ 38. Kh3 Qh7 0-1

[Event "20. Obert Int. Sant Marti 2018"]
[Site "Barcelona ESP"]
[Date "2018.07.20"]
[Round "8.11"]
[White "Cruz, Filemon"]
[Black "Iniyan, P."]
[Result "0-1"]
[WhiteElo "2314"]
[BlackElo "2451"]
[PlyCount "54"]
[EventDate "2018.07.13"]
[EventType "swiss"]
[EventRounds "9"]
[EventCountry "ESP"]
[SourceTitle "Ajedrez en Madrid"]
[Source "lmi"]
[SourceDate "2018.07.13"]
[SourceVersion "1"]
[SourceVersionDate "2019.06.21"]
[SourceQuality "1"]

1. Nf3 Nf6 2. c4 g6 3. Nc3 Bg7 4. d4 d6 5. e4 O-O 6. Be2 Nbd7 7. O-O e5 8. Be3
Ng4 9. Bg5 f6 10. Bh4 g5 11. Bg3 Nh6 12. Qd2 g4 13. Nh4 exd4 14. Qxd4 f5 15.
Qd5+ Kh8 16. Nxf5 Nb6 17. Qd2 Nxf5 18. exf5 Bxf5 19. Bf4 Qf6 20. Rad1 Be6 21.
Bg5 Qe5 22. Rfe1 Rxf2 23. c5 Nc4 24. Qc1 Nxb2 25. Qxb2 Qxg5 26. Ne4 Qe3 27. Qc1
Rxg2+ 0-1

[Event "20. Obert Int. Sant Marti 2018"]
[Site "Barcelona ESP"]
[Date "2018.07.20"]
[Round "8.12"]
[White "Blasco Coll, Andreu"]
[Black "Smirnov, Artem"]
[Result "0-1"]
[WhiteElo "2242"]
[BlackElo "2405"]
[PlyCount "62"]
[EventDate "2018.07.13"]
[EventType "swiss"]
[EventRounds "9"]
[EventCountry "ESP"]
[SourceTitle "Ajedrez en Madrid"]
[Source "lmi"]
[SourceDate "2018.07.13"]
[SourceVersion "1"]
[SourceVersionDate "2019.06.21"]
[SourceQuality "1"]

1. d4 d5 2. Bf4 c5 3. e3 cxd4 4. exd4 Nc6 5. c3 Bf5 6. Nf3 e6 7. Nbd2 f6 8. Qb3
Qd7 9. Bb5 g5 10. Bg3 Nge7 11. O-O h5 12. h4 g4 13. Ne1 Bh6 14. Rd1 a6 15. Be2
O-O 16. Nd3 Bxd3 17. Bxd3 f5 18. Rfe1 f4 19. Bh2 Nf5 20. Bxf5 Rxf5 21. c4 Bg7
22. cxd5 exd5 23. Qd3 Bxd4 24. Nb3 Ba7 25. Bxf4 Rxf4 26. Qg6+ Qg7 27. Re8+ Rxe8
28. Qxe8+ Rf8 29. Qxh5 Bxf2+ 30. Kh1 Ne7 31. Rd2 Nf5 0-1

[Event "20. Obert Int. Sant Marti 2018"]
[Site "Barcelona ESP"]
[Date "2018.07.20"]
[Round "8.13"]
[White "Saurabh, Anand"]
[Black "Alarcon Casellas, Rolando"]
[Result "1-0"]
[WhiteElo "2258"]
[BlackElo "2389"]
[PlyCount "65"]
[EventDate "2018.07.13"]
[EventType "swiss"]
[EventRounds "9"]
[EventCountry "ESP"]
[SourceTitle "Ajedrez en Madrid"]
[Source "lmi"]
[SourceDate "2018.07.13"]
[SourceVersion "1"]
[SourceVersionDate "2019.06.21"]
[SourceQuality "1"]

1. e4 e6 2. d4 d5 3. Nc3 Bb4 4. e5 Ne7 5. a3 Bxc3+ 6. bxc3 c5 7. Qg4 O-O 8. Bd3
f5 9. exf6 Rxf6 10. Bg5 Rf7 11. Qh4 g6 12. Nf3 Nbc6 13. Ne5 Nxe5 14. dxe5 c4
15. Be2 Qa5 16. O-O Nf5 17. Qh3 Bd7 18. Bg4 Ba4 19. Bxf5 Rxf5 20. Bf6 Bxc2 21.
g4 Rf4 22. Qh6 Rxf6 23. exf6 Qc7 24. Rfe1 Qf7 25. Rxe6 Be4 26. g5 Qf8 27. Qxf8+
Rxf8 28. Re1 h6 29. h4 hxg5 30. hxg5 Rf7 31. f3 Bxf3 32. Re8+ Rf8 33. R1e7 1-0

[Event "20. Obert Int. Sant Marti 2018"]
[Site "Barcelona ESP"]
[Date "2018.07.20"]
[Round "8.14"]
[White "Gonzales, Jayson"]
[Black "Davtyan, David Arm."]
[Result "1-0"]
[WhiteElo "2367"]
[BlackElo "1926"]
[PlyCount "113"]
[EventDate "2018.07.13"]
[EventType "swiss"]
[EventRounds "9"]
[EventCountry "ESP"]
[SourceTitle "Ajedrez en Madrid"]
[Source "lmi"]
[SourceDate "2018.07.13"]
[SourceVersion "1"]
[SourceVersionDate "2019.06.21"]
[SourceQuality "1"]

1. Nf3 Nf6 2. c4 e6 3. g3 d5 4. Bg2 Be7 5. O-O O-O 6. d4 dxc4 7. Ne5 Nc6 8.
Nxc6 bxc6 9. e3 a5 10. Qa4 Nd5 11. Bd2 Ba6 12. Qxc6 c3 13. Nxc3 Bxf1 14. Kxf1
Rb8 15. Nxd5 exd5 16. Bxa5 Rxb2 17. Bxd5 Bd6 18. Qc3 Rb5 19. Bc6 Rh5 20. Kg1
Qc8 21. Bf3 Rg5 22. Bb4 c5 23. Bxc5 Bxc5 24. dxc5 Rxc5 25. Qb4 Rc4 26. Qb1 Qc5
27. a4 Rc8 28. Qb7 Qc7 29. Qa6 g6 30. Kg2 Rc2 31. Rd1 Qe5 32. Rd4 Kg7 33. Be4
R2c5 34. Qb7 R8c7 35. Qb6 Rc4 36. Bf3 Rc2 37. Be4 R2c4 38. Bf3 Rc2 39. Re4 Qb2
40. Qd4+ Qxd4 41. Rxd4 R2c4 42. Rxc4 Rxc4 43. Bd1 f5 44. h4 h6 45. Kf3 Kf6 46.
Ke2 Ke5 47. Kd3 Rc7 48. Bb3 Rc6 49. Bc4 Rc5 50. f4+ Kf6 51. Kd4 Rc8 52. a5 g5
53. hxg5+ hxg5 54. a6 gxf4 55. gxf4 Rc7 56. Bd5 Ra7 57. Bb7 1-0

[Event "20. Obert Int. Sant Marti 2018"]
[Site "Barcelona ESP"]
[Date "2018.07.20"]
[Round "8.15"]
[White "Low, Kevin"]
[Black "Fernandez Cardoso, Alexey"]
[Result "0-1"]
[WhiteElo "2122"]
[BlackElo "2439"]
[PlyCount "76"]
[EventDate "2018.07.13"]
[EventType "swiss"]
[EventRounds "9"]
[EventCountry "ESP"]
[SourceTitle "Ajedrez en Madrid"]
[Source "lmi"]
[SourceDate "2018.07.13"]
[SourceVersion "1"]
[SourceVersionDate "2019.06.21"]
[SourceQuality "1"]

1. e4 c5 2. Nf3 e6 3. d4 cxd4 4. Nxd4 a6 5. Nc3 b5 6. Bd3 Qb6 7. Nf3 Qc7 8. O-O
Bb7 9. Re1 Nc6 10. Bd2 Bc5 11. e5 f5 12. Ne2 Nge7 13. Nf4 O-O 14. c3 Nd8 15. a4
bxa4 16. Rxa4 Nf7 17. Be2 Bb6 18. Nd3 Bc6 19. Ra1 Be4 20. b4 Ng6 21. h4 Ngxe5
22. Ndxe5 Nxe5 23. Nxe5 Qxe5 24. Bf1 d5 25. Be3 Bxe3 26. Rxe3 f4 27. Rh3 f3 28.
Qd4 Qxd4 29. cxd4 Rfb8 30. Ra4 Rb6 31. b5 fxg2 32. Bxg2 Bf5 33. Rha3 Rxb5 34.
Rxa6 Rxa6 35. Rxa6 Rb4 36. Bf3 Rxd4 37. h5 Kf7 38. Kf1 Bd3+ 0-1

[Event "20. Obert Int. Sant Marti 2018"]
[Site "Barcelona ESP"]
[Date "2018.07.20"]
[Round "8.16"]
[White "Valenzuela Gomez, Fernando"]
[Black "Samant, Aditya S"]
[Result "1-0"]
[WhiteElo "2389"]
[BlackElo "2191"]
[PlyCount "169"]
[EventDate "2018.07.13"]
[EventType "swiss"]
[EventRounds "9"]
[EventCountry "ESP"]
[SourceTitle "Ajedrez en Madrid"]
[Source "lmi"]
[SourceDate "2018.07.13"]
[SourceVersion "1"]
[SourceVersionDate "2019.06.21"]
[SourceQuality "1"]

1. d4 Nf6 2. c4 e6 3. Nf3 Bb4+ 4. Nbd2 b6 5. a3 Bxd2+ 6. Qxd2 Bb7 7. e3 O-O 8.
Be2 d6 9. O-O Nbd7 10. b4 Qe7 11. Bb2 e5 12. d5 a5 13. Qc2 axb4 14. axb4 b5 15.
e4 bxc4 16. Bxc4 Nb6 17. Bb5 Rxa1 18. Rxa1 Ra8 19. Rxa8+ Bxa8 20. Bc1 h6 21.
Be3 Nc8 22. h3 Qd8 23. Nd2 Ne7 24. Qa4 Bb7 25. f3 Qb8 26. Nc4 Nh5 27. Bc6 Bxc6
28. dxc6 Nf6 29. b5 Qc8 30. Qa7 Ne8 31. Nb6 Qe6 32. Qb8 Ng6 33. Nd5 Kh7 34. b6
cxb6 35. c7 Nxc7 36. Qxc7 b5 37. Bf2 h5 38. Qb7 Qe8 39. Kh2 Nf8 40. Qc7 Qe6 41.
Qb8 Ng6 42. Qxb5 Qc8 43. Qb2 Qc4 44. Qd2 f6 45. Ne3 Qa6 46. Nf5 Nf4 47. Be3 Nd3
48. Bh6 g6 49. Bf8 Nf4 50. Qxd6 Qa7 51. Qxf6 gxf5 52. Qxf5+ Kg8 53. Qxe5 Ng6
54. Qe6+ Kh7 55. Bd6 h4 56. Qd5 Qf2 57. Qh5+ Kg7 58. Be5+ Nxe5 59. Qxe5+ Kh7
60. Qh5+ Kg7 61. Qg4+ Kf6 62. f4 Kf7 63. Qf3 Qe1 64. f5 Kf6 65. Qf4 Kf7 66. e5
Ke7 67. Qg5+ Ke8 68. f6 Kf7 69. Qf4 Qe2 70. Qxh4 Qxe5+ 71. Qg3 Qd4 72. Qg7+ Ke6
73. Qg4+ Qxg4 74. hxg4 Kxf6 75. Kh3 Kg5 76. Kg3 Kg6 77. Kf4 Kf6 78. g5+ Kg6 79.
Kg4 Kg7 80. Kf5 Kf7 81. g6+ Kg7 82. Kg5 Kg8 83. Kf6 Kf8 84. g7+ Kg8 85. g3 1-0

[Event "20. Obert Int. Sant Marti 2018"]
[Site "Barcelona ESP"]
[Date "2018.07.20"]
[Round "8.17"]
[White "Abhishek, Das"]
[Black "Deshpande, Aniruddha"]
[Result "1-0"]
[WhiteElo "2325"]
[BlackElo "2132"]
[PlyCount "87"]
[EventDate "2018.07.13"]
[EventType "swiss"]
[EventRounds "9"]
[EventCountry "ESP"]
[SourceTitle "Ajedrez en Madrid"]
[Source "lmi"]
[SourceDate "2018.07.13"]
[SourceVersion "1"]
[SourceVersionDate "2019.06.21"]
[SourceQuality "1"]

1. e4 c6 2. d4 d5 3. exd5 cxd5 4. c4 Nf6 5. Nc3 Nc6 6. Nf3 Bg4 7. cxd5 Nxd5 8.
Qb3 Bxf3 9. gxf3 e6 10. Qxb7 Nxd4 11. Bb5+ Nxb5 12. Qc6+ Ke7 13. Qxb5 Qd7 14.
Nxd5+ Qxd5 15. Qxd5 exd5 16. O-O Ke6 17. Re1+ Kf5 18. Be3 Bb4 19. Red1 Ke6 20.
a3 Bd6 21. Rd2 Be5 22. Re1 Rhe8 23. f4 Bf6 24. Bxa7+ Kd6 25. Be3 Reb8 26. Red1
Rb5 27. b4 Ke6 28. Bc5 d4 29. Ra2 Ra4 30. Bxd4 Rd5 31. Re1+ Kf5 32. Bxf6 gxf6
33. Re3 Kxf4 34. Rc2 Rd1+ 35. Kg2 Ra1 36. Rc4+ Kf5 37. Rc5+ Kf4 38. Rh3 Ke4 39.
Rh4+ Kd3 40. Ra5 Rxa5 41. bxa5 Kc2 42. Ra4 Re1 43. a6 Re8 44. a7 1-0

[Event "20. Obert Int. Sant Marti 2018"]
[Site "Barcelona ESP"]
[Date "2018.07.20"]
[Round "8.18"]
[White "Frayna, Janelle Mae"]
[Black "Persson, Andreas"]
[Result "1-0"]
[WhiteElo "2315"]
[BlackElo "2126"]
[PlyCount "97"]
[EventDate "2018.07.13"]
[EventType "swiss"]
[EventRounds "9"]
[EventCountry "ESP"]
[SourceTitle "Ajedrez en Madrid"]
[Source "lmi"]
[SourceDate "2018.07.13"]
[SourceVersion "1"]
[SourceVersionDate "2019.06.21"]
[SourceQuality "1"]

1. Nf3 Nf6 2. c4 e6 3. g3 d5 4. Bg2 Be7 5. O-O O-O 6. b3 b6 7. Bb2 c5 8. e3 Bb7
9. Nc3 Nbd7 10. d3 Qc7 11. Rc1 Rad8 12. Qe2 Qb8 13. cxd5 Nxd5 14. Nxd5 Bxd5 15.
e4 Bb7 16. Rfd1 Bf6 17. d4 cxd4 18. Nxd4 Qa8 19. b4 Be7 20. Rc7 Rfe8 21. Nxe6
fxe6 22. Rdxd7 Rxd7 23. Rxd7 Bf8 24. Qh5 Re7 25. Rxe7 Bxe7 26. Qe5 Qf8 27.
Qxe6+ Kh8 28. a3 Bc8 29. Qd5 Ba6 30. h4 Be2 31. Qe6 a5 32. Qxb6 axb4 33. axb4
Bxb4 34. Qc7 h6 35. Bd4 Bh5 36. Qc6 Kh7 37. e5 Be7 38. Be4+ Kh8 39. Qd5 Be8 40.
Kg2 Bh5 41. e6 Be8 42. Kh3 Bd6 43. f4 Be7 44. Bd3 Ba3 45. Qe4 Qg8 46. g4 Be7
47. g5 hxg5 48. hxg5 Bd6 49. Kg4 1-0

[Event "20. Obert Int. Sant Marti 2018"]
[Site "Barcelona ESP"]
[Date "2018.07.20"]
[Round "8.19"]
[White "Navarro Lopez-Menchero, Daniel"]
[Black "Sapale, Saloni"]
[Result "1-0"]
[WhiteElo "2297"]
[BlackElo "2145"]
[PlyCount "121"]
[EventDate "2018.07.13"]
[EventType "swiss"]
[EventRounds "9"]
[EventCountry "ESP"]
[SourceTitle "Ajedrez en Madrid"]
[Source "lmi"]
[SourceDate "2018.07.13"]
[SourceVersion "1"]
[SourceVersionDate "2019.06.21"]
[SourceQuality "1"]

1. e4 e6 2. d4 d5 3. Bd3 dxe4 4. Bxe4 Nf6 5. Bf3 Nc6 6. Ne2 e5 7. Bxc6+ bxc6 8.
O-O Bd6 9. Nbc3 O-O 10. h3 h6 11. Qd3 Be6 12. Be3 Qb8 13. dxe5 Bxe5 14. Bd4 Rd8
15. Qe3 Bxd4 16. Nxd4 Re8 17. Qf3 Bd5 18. Nxd5 cxd5 19. b3 Ne4 20. Rad1 c5 21.
Nf5 Nf6 22. Nxh6+ Kf8 23. Rxd5 Qb7 24. Rf5 Qxf3 25. Rxf3 Re2 26. Rc1 Rd8 27.
Nf5 Ne4 28. Rd3 Re8 29. Ng3 Nxg3 30. Rxg3 R8e6 31. Kf1 R2e5 32. Rc3 Ke7 33. g3
g5 34. Rd1 f5 35. Kg2 Rc6 36. Re3 Rxe3 37. fxe3 c4 38. Kf3 Ke6 39. Rd4 cxb3 40.
cxb3 Rc2 41. Ra4 Rh2 42. Rxa7 Rxh3 43. a4 Rh2 44. e4 g4+ 45. Ke3 fxe4 46. Kxe4
Rf2 47. Rg7 Rf3 48. Rg6+ Ke7 49. Rxg4 Rxb3 50. Kd5 Kf6 51. Kc5 Kf5 52. Rg8 Rb1
53. a5 Rc1+ 54. Kb6 Rb1+ 55. Ka7 Kf6 56. a6 Kf7 57. Rb8 Ra1 58. Rb3 Re1 59. Ka8
Re8+ 60. Rb8 Re3 61. a7 1-0

[Event "20. Obert Int. Sant Marti 2018"]
[Site "Barcelona ESP"]
[Date "2018.07.20"]
[Round "8.20"]
[White "Guix Torres, David"]
[Black "Serarols Mabras, Bernat"]
[Result "0-1"]
[WhiteElo "2059"]
[BlackElo "2269"]
[PlyCount "96"]
[EventDate "2018.07.13"]
[EventType "swiss"]
[EventRounds "9"]
[EventCountry "ESP"]
[SourceTitle "Ajedrez en Madrid"]
[Source "lmi"]
[SourceDate "2018.07.13"]
[SourceVersion "1"]
[SourceVersionDate "2019.06.21"]
[SourceQuality "1"]

1. e4 c6 2. d4 d5 3. e5 c5 4. dxc5 Nc6 5. Nf3 Bg4 6. Nbd2 e6 7. Be2 Bxc5 8. O-O
Nge7 9. Nb3 Bb6 10. Bg5 Bxf3 11. Bxf3 Nxe5 12. Re1 Nxf3+ 13. Qxf3 O-O 14. Bxe7
Qxe7 15. Qxd5 Qf6 16. Qf3 Qxb2 17. c4 Rac8 18. c5 Bxc5 19. Nxc5 Rxc5 20. Reb1
Qe5 21. Qxb7 Rfc8 22. h3 R5c7 23. Qa6 g6 24. Re1 Qf4 25. Rad1 Kg7 26. Qa3 Qf6
27. Re3 Qe7 28. Qa4 Rc4 29. Qa5 R8c5 30. Qa3 Rc2 31. Red3 Qc7 32. Rd7 Qf4 33.
Rf1 a5 34. Qb3 Re2 35. Rd3 Qc4 36. Qd1 Rxa2 37. Qf3 Rf5 38. Qe3 a4 39. Rd4 Qc5
40. Qe4 a3 41. Qd3 Rfxf2 42. Rxf2 Rxf2 43. Kxf2 e5 44. Ke2 exd4 45. Qb3 Qc3 46.
Qd5 d3+ 47. Kf3 d2+ 48. Ke2 Qb2 0-1

[Event "20. Obert Int. Sant Marti 2018"]
[Site "Barcelona ESP"]
[Date "2018.07.20"]
[Round "8.21"]
[White "Supriya, Joshi"]
[Black "Glimbrant, Torbjorn"]
[Result "0-1"]
[WhiteElo "1941"]
[BlackElo "2213"]
[PlyCount "70"]
[EventDate "2018.07.13"]
[EventType "swiss"]
[EventRounds "9"]
[EventCountry "ESP"]
[SourceTitle "Ajedrez en Madrid"]
[Source "lmi"]
[SourceDate "2018.07.13"]
[SourceVersion "1"]
[SourceVersionDate "2019.06.21"]
[SourceQuality "1"]

1. d4 Nf6 2. c4 g6 3. g3 c6 4. Bg2 d5 5. Nf3 Bg7 6. O-O O-O 7. Qb3 Qb6 8. Nc3
dxc4 9. Qxc4 Be6 10. Qa4 Rd8 11. Rd1 Nd5 12. e4 Nf6 13. Rb1 Qa6 14. Qc2 Nbd7
15. b3 Qa5 16. Ng5 Nf8 17. b4 Qc7 18. Bf4 Qc8 19. Nxe6 Qxe6 20. d5 cxd5 21.
exd5 Qd7 22. Qb3 Rac8 23. Be5 Qf5 24. Bd4 b6 25. Re1 Ng4 26. Qd1 Rxc3 27. Bxg7
Qxf2+ 28. Kh1 Rc2 29. Rg1 Ne3 30. Qd4 Nxg2 31. Qxf2 Rxf2 32. Bxf8 Kxf8 33. Rxg2
Rxg2 34. Kxg2 Rxd5 35. Rb2 Rd3 0-1

[Event "20. Obert Int. Sant Marti 2018"]
[Site "Barcelona ESP"]
[Date "2018.07.20"]
[Round "8.22"]
[White "Marzo Pie, Xavier"]
[Black "Garcia Gil, Javier"]
[Result "1/2-1/2"]
[WhiteElo "2206"]
[BlackElo "2110"]
[PlyCount "132"]
[EventDate "2018.07.13"]
[EventType "swiss"]
[EventRounds "9"]
[EventCountry "ESP"]
[SourceTitle "Ajedrez en Madrid"]
[Source "lmi"]
[SourceDate "2018.07.13"]
[SourceVersion "1"]
[SourceVersionDate "2019.06.21"]
[SourceQuality "1"]

1. d4 Nf6 2. c4 e6 3. Nc3 Bb4 4. Qc2 d5 5. cxd5 exd5 6. Bg5 O-O 7. e3 h6 8. Bh4
Nbd7 9. Bd3 c6 10. Nf3 Re8 11. O-O a5 12. a3 Bd6 13. Rfc1 Qe7 14. Na4 g5 15.
Bg3 Bxg3 16. hxg3 Ne4 17. Rab1 Kg7 18. Nc3 f5 19. b4 axb4 20. axb4 Ra3 21. Qb2
Ra8 22. b5 g4 23. Nh4 Ndf6 24. bxc6 bxc6 25. Nxe4 fxe4 26. Rxc6 Be6 27. Bf1 Nd7
28. Qc2 Rf8 29. Rc7 Rf7 30. Bb5 Raf8 31. Bxd7 Bxd7 32. Rbb7 Qd6 33. Qa2 Bc8 34.
Qa7 Qf6 35. Rxc8 Qxf2+ 36. Kh2 Rxc8 37. Rxf7+ Qxf7 38. Nf5+ Kf6 39. Qxf7+ Kxf7
40. Nd6+ Ke6 41. Nxc8 Kd7 42. Nb6+ Kc6 43. Nxd5 Kxd5 44. Kg1 Kc4 45. Kf2 Kb4
46. Ke2 Kc4 47. Kd1 Kb4 48. Kd2 Kc4 49. Kc2 h5 50. Kd1 Kb5 51. Kc1 Kc4 52. Kc2
Kb4 53. Kb2 Kc4 54. Ka3 Kd3 55. d5 Kxe3 56. d6 Kf2 57. d7 e3 58. d8=Q e2 59.
Qf6+ Kxg2 60. Qe5 Kf2 61. Qf4+ Kg2 62. Qe3 Kf1 63. Qf4+ Kg2 64. Qe5 Kf1 65.
Qxh5 e1=Q 66. Qxg4 Kg2 1/2-1/2

[Event "20. Obert Int. Sant Marti 2018"]
[Site "Barcelona ESP"]
[Date "2018.07.20"]
[Round "8.23"]
[White "Chernyak, Viktoria"]
[Black "Deepak, Katiyar"]
[Result "1-0"]
[WhiteElo "2206"]
[BlackElo "2108"]
[PlyCount "97"]
[EventDate "2018.07.13"]
[EventType "swiss"]
[EventRounds "9"]
[EventCountry "ESP"]
[SourceTitle "Ajedrez en Madrid"]
[Source "lmi"]
[SourceDate "2018.07.13"]
[SourceVersion "1"]
[SourceVersionDate "2019.06.21"]
[SourceQuality "1"]

1. d4 Nf6 2. c4 e6 3. Nf3 b6 4. g3 Ba6 5. Qc2 Bb4+ 6. Nbd2 O-O 7. Bg2 d5 8. O-O
Nbd7 9. Qa4 Bxd2 10. Nxd2 Bb7 11. cxd5 exd5 12. Nf3 Re8 13. Re1 c5 14. Bf4 a6
15. dxc5 bxc5 16. Rac1 Qb6 17. Nd2 Qb5 18. Qb3 Bc6 19. Qxb5 axb5 20. a3 Rac8
21. Nb3 c4 22. Nd4 Nc5 23. Bh3 Ne6 24. Red1 Bd7 25. Bf1 Nxd4 26. Rxd4 h6 27.
Bd2 Bc6 28. Bb4 Ne4 29. Bg2 Ng5 30. e3 Ne6 31. Rd2 Red8 32. Rcd1 d4 33. Bxc6
Rxc6 34. exd4 Rd5 35. Kg2 Rc7 36. Bc3 Rcd7 37. Re1 h5 38. Re5 g6 39. Rxd5 Rxd5
40. Re2 Kf8 41. Re5 Rxe5 42. dxe5 Ke7 43. Kf3 Kd7 44. g4 h4 45. Ke3 Kc6 46. f4
Kd5 47. f5 Nd8 48. e6 fxe6 49. fxg6 1-0

[Event "20. Obert Int. Sant Marti 2018"]
[Site "Barcelona ESP"]
[Date "2018.07.20"]
[Round "8.24"]
[White "Harikrishnan.A.Ra"]
[Black "Anuj, Shrivatri"]
[Result "1-0"]
[WhiteElo "2204"]
[BlackElo "2094"]
[PlyCount "127"]
[EventDate "2018.07.13"]
[EventType "swiss"]
[EventRounds "9"]
[EventCountry "ESP"]
[SourceTitle "Ajedrez en Madrid"]
[Source "lmi"]
[SourceDate "2018.07.13"]
[SourceVersion "1"]
[SourceVersionDate "2019.06.21"]
[SourceQuality "1"]

1. Nf3 Nf6 2. c4 g6 3. g3 Bg7 4. Bg2 O-O 5. O-O d6 6. d4 Nc6 7. Nc3 a6 8. h3
Bd7 9. Bf4 Rb8 10. Rc1 b5 11. cxb5 axb5 12. b3 b4 13. Na4 Na5 14. Ne1 Bb5 15.
Nd3 c6 16. Nab2 Nd5 17. Bxd5 cxd5 18. Nxb4 Bxe2 19. Qxe2 Rxb4 20. Nd3 Rb7 21.
Be3 Qb6 22. Nb2 Nc6 23. Na4 Nxd4 24. Qd1 Qa7 25. Rc3 Ne2+ 26. Qxe2 d4 27. Rc4
dxe3 28. Qxe3 Qxe3 29. fxe3 Be5 30. Kg2 Ra8 31. Rfc1 Raa7 32. Kf3 Kg7 33. g4 f5
34. gxf5 gxf5 35. Rg1+ Kf6 36. Rh4 Ke6 37. Rxh7 Rc7 38. Rh4 Rc2 39. Rg2 Rac7
40. Rh6+ Bf6 41. Rhg6 d5 42. b4 R2c4 43. Nc5+ Kf7 44. Rh6 Rh4 45. Rxh4 Bxh4 46.
Rg7+ Kf6 47. Rh7 Be1 48. Rh6+ Kf7 49. a3 Bc3 50. Ke2 Bf6 51. h4 Ra7 52. a4 Kg7
53. Rh5 Kg6 54. Rg5+ Bxg5 55. hxg5 Kxg5 56. a5 Kf6 57. a6 Ke5 58. b5 Kd6 59. b6
Rxa6 60. Nxa6 Kc6 61. Nb4+ Kb7 62. Nxd5 e6 63. Nf4 e5 64. Ng6 1-0

[Event "20. Obert Int. Sant Marti 2018"]
[Site "Barcelona ESP"]
[Date "2018.07.20"]
[Round "8.25"]
[White "Ruperez, Miguel"]
[Black "Albero Figueras, Emilio"]
[Result "1-0"]
[WhiteElo "2226"]
[BlackElo "1968"]
[PlyCount "87"]
[EventDate "2018.07.13"]
[EventType "swiss"]
[EventRounds "9"]
[EventCountry "ESP"]
[SourceTitle "Ajedrez en Madrid"]
[Source "lmi"]
[SourceDate "2018.07.13"]
[SourceVersion "1"]
[SourceVersionDate "2019.06.21"]
[SourceQuality "1"]

1. b3 e6 2. Bb2 f5 3. e4 Qe7 4. exf5 exf5+ 5. Be2 b6 6. Nh3 Ba6 7. c4 Nc6 8.
O-O O-O-O 9. Nf4 Qg5 10. Nd5 Nf6 11. d4 f4 12. Nbc3 Re8 13. Bf3 Nb4 14. Nxf6
gxf6 15. a3 Nc6 16. Nd5 Bb7 17. b4 Ne7 18. Nxe7+ Rxe7 19. Bxb7+ Kxb7 20. Qf3+
d5 21. cxd5 Rd7 22. d6+ c6 23. d5 cxd5 24. Rfd1 Rxd6 25. Rd4 Qe5 26. Rad1 Kb8
27. R4d2 Qe6 28. Qxf4 Kb7 29. Qf3 Be7 30. Rxd5 Rxd5 31. Qxd5+ Qxd5 32. Rxd5 Rd8
33. Rxd8 Bxd8 34. Kf1 Kc6 35. Ke2 Kb5 36. Kd3 Be7 37. g4 a5 38. bxa5 Kxa5 39.
h4 Ka4 40. Kc2 h6 41. h5 Kb5 42. Bc1 Bf8 43. Kd3 Kc6 44. Ke4 1-0

[Event "20. Obert Int. Sant Marti 2018"]
[Site "Barcelona ESP"]
[Date "2018.07.20"]
[Round "8.26"]
[White "Kadam, Om Manish"]
[Black "Romero Pallares, Daniel"]
[Result "1/2-1/2"]
[WhiteElo "1836"]
[BlackElo "2202"]
[PlyCount "63"]
[EventDate "2018.07.13"]
[EventType "swiss"]
[EventRounds "9"]
[EventCountry "ESP"]
[SourceTitle "Ajedrez en Madrid"]
[Source "lmi"]
[SourceDate "2018.07.13"]
[SourceVersion "1"]
[SourceVersionDate "2019.06.21"]
[SourceQuality "1"]

1. e4 g6 2. d4 Bg7 3. Nc3 d6 4. Nf3 Nf6 5. Be2 O-O 6. O-O Bg4 7. h3 Bxf3 8.
Bxf3 Nc6 9. Be3 e5 10. dxe5 Nxe5 11. Be2 Re8 12. f4 Nc6 13. Bf3 Nxe4 14. Nxe4
d5 15. c3 dxe4 16. Qxd8 Raxd8 17. Be2 Ne7 18. Rad1 Nf5 19. Kf2 Bf8 20. Rxd8
Rxd8 21. Rd1 Bd6 22. g4 Nxe3 23. Kxe3 f5 24. gxf5 gxf5 25. Bc4+ Kh8 26. Ke2 Rf8
27. Be6 Kg7 28. Rd5 Kg6 29. Ke3 b6 30. b4 Rf6 31. Bd7 Bf8 32. h4 1/2-1/2